| 000 | 01138nam a22002897a 4500 | ||
|---|---|---|---|
| 999 |
_c161905 _d161905 |
||
| 005 | 20190807124013.0 | ||
| 010 | _a1819CHEN B-717684-704 | ||
| 020 |
_a9789386316042 _c199.00 |
||
| 035 | _aB-717684-704 | ||
| 035 | _aB-728522 | ||
| 037 | _bPragati Publications | ||
| 082 | _aS | ||
| 100 | _aSaint-Exupery, Antoine De | ||
| 245 |
_aThe little prince / _cby Antoine De Saint-Exupery ; translated from the French by Katherine Woods; illustrated by Antoine De Saint-Exupery,Manish Singh and Manoj Kumar Prasad |
||
| 260 |
_aNew Delhi _bOm Kidz _c2018(repr.) |
||
| 270 |
_a107, Ansari Road, Darya Ganj _bNew Delhi _e110002 |
||
| 300 |
_a240p.: _bill. _c20cm(Hb) |
||
| 490 | _aOm illustrated classics | ||
| 500 | _aAirport | ||
| 700 | _aWoods, Katherine | ||
| 700 | _aSaint-Exupery, Antoine De | ||
| 700 | _aManish Singh | ||
| 700 | _aManoj Kumar Prasad | ||
| 942 |
_2ddc _cCH _mSAI _hS |
||